LIBRARY & INFORMATION CENTRE, KCAET, TAVANUR

ONLINE PUBLIC ACCESS CATALOGUE (OPAC)

Office management (Record no. 229)

MARC details
000 -LEADER
fixed length control field 00391cam a2200169ua 4500
082 ## - DEWEY DECIMAL CLASSIFICATION NUMBER
Classification number 651.3
Item number nar/of
100 ## - MAIN ENTRY--AUTHOR NAME
Personal name Narayan, B .
245 ## - TITLE STATEMENT
Title Office management
250 ## - EDITION STATEMENT
Edition statement 1 /
260 ## - PUBLICATION, DISTRIBUTION, ETC. (IMPRINT)
Place of publication New Delhi :
Name of publisher A P H Publishing corporation ,
Year of publication 1999.
300 ## - PHYSICAL DESCRIPTION
Number of Pages 281 ; .
942 ## - ADDED ENTRY ELEMENTS (KOHA)
Koha item type Books
Holdings
Withdrawn status Lost status Damaged status Home library Current library Date acquired Full call number Accession Number Koha item type
      KAUAET KAUAET 07/04/2012 651.3 20586 Books
free website counter